| 000 | 00764nam a2200229 a 4500 | ||
|---|---|---|---|
| 005 | 20240919063842.0 | ||
| 008 | 030624s1984 mx r 000 0 spa d | ||
| 020 | _a9684960506 | ||
| 035 | _aUPN01000126646 | ||
| 049 | _aSEP | ||
| 050 | 4 |
_aHN5 _bC23 no.102 |
|
| 100 | 1 |
_aAziz Nassif, Alberto, _d1955- _931850 |
|
| 245 | 1 | 0 |
_aReforma política y deformaciones electorales / _cAlberto Aziz Nassif, Jorge Alonso. |
| 260 |
_aMéxico : _bSEP : _bCIESAS, _c1984. |
||
| 300 | _a308 p. | ||
| 440 | 0 |
_aCuadernos de la casa chata ; _v102 |
|
| 651 | 4 |
_aMEXICO - _xCONDICIONES SOCIALES - _vCOLECCIONES |
|
| 651 | 4 |
_aMéxico _xPolítica y gobierno _94512 |
|
| 650 | 4 |
_aCampañas políticas _zMéxico _95083 |
|
| 700 | 1 |
_aAlonso Sánchez, Jorge, _ecoaut. _928708 |
|
| 905 | _aLibro | ||
| 999 |
_c98825 _d98825 |
||